000 00867nam a2200301 a 4500
003 AR-BaBNM
005 20251128203930.0
008 082120s2002 ||||||||||||||000 | spa||
020 _a950-01-0325-7
040 _cAR-BaBNM
100 1 _aSoria de Fernández Durán, Elsa
245 0 0 _aAprestamiento informático
_bfichas de taller
250 _a1ª ed.
260 _aBuenos Aires
_bEstrada
_c1987
300 _a141 p.
_bil., cuadros
650 4 _aINFORMATICA
650 4 _aENSEÑANZA AUDIOVISUAL
650 4 _aENSEÑANZA POR MULTIMEDIOS
650 4 _aTALLERES ESCOLARES
650 4 _aTALLERES [METODO PEDAGOGICO]
650 4 _aENSEÑANZA DE LA INFORMATICA
650 4 _aTECNICAS DE ENSEÑANZA
650 4 _aPROYECTOS EDUCACIONALES
650 4 _aACTIVIDADES DE APRENDIZAJE
650 4 _aENSEÑANZA POR COMPUTADORA
942 _cBK
998 _cEthel
999 _c5517
_d5517